Statistics for U.S. State Population - North or South

Click here to take the quiz!

General Stats

  • This quiz has been taken 12,082 times
  • The average score is 12 of 15

Answer Stats

QuestionAnswer% Correct
CaliforniaSouth
94%
AlaskaSouth
90%
New YorkSouth
89%
NevadaSouth
88%
IllinoisNorth
87%
FloridaSouth
85%
OregonNorth
84%
New JerseyNorth
84%
MichiganSouth
80%
PennyslvaniaSouth
72%
UtahNorth
71%
KentuckyNorth
70%
ArizonaSouth
70%
GeorgiaNorth
65%
DelawareNorth
65%

Score Distribution

Percentile by Number Answered

Percent of People with Each Score

Your Score History

You have not taken this quiz